Welcome to CU Library Online Public Access Catalogue (OPAC)

The Design of Everyday Things (Record no. 8119)

MARC details
000 -LEADER
fixed length control field 00436nam a22001577a 4500
005 - DATE AND TIME OF LATEST TRANSACTION
control field 20251106112747.0
008 - FIXED-LENGTH DATA ELEMENTS--GENERAL INFORMATION
fixed length control field 251106b |||||||| |||| 00| 0 eng d
020 ## - INTERNATIONAL STANDARD BOOK NUMBER
International Standard Book Number 9780465050659
050 ## - LIBRARY OF CONGRESS CALL NUMBER
Classification number TS171.4
Item number .N67
100 ## - MAIN ENTRY--PERSONAL NAME
Personal name Norman, Don
245 ## - TITLE STATEMENT
Title The Design of Everyday Things
Statement of responsibility, etc. Don Norman
250 ## - EDITION STATEMENT
Remainder of edition statement Revised & Expanded Edition
260 ## - PUBLICATION, DISTRIBUTION, ETC.
Place of publication, distribution, etc. New York
Name of publisher, distributor, etc. Basic Books
Date of publication, distribution, etc. 2013
300 ## - PHYSICAL DESCRIPTION
Extent xviii. 347p.
Other physical details ill.
Dimensions 21cm
942 ## - ADDED ENTRY ELEMENTS (KOHA)
Source of classification or shelving scheme Library of Congress Classification
Koha item type Books
Suppress in OPAC No
999 ## -
-- 8119
-- 8119
Holdings
Withdrawn status Lost status Source of classification or shelving scheme Damaged status Not for loan Collection Home library Current library Shelving location Date acquired Total checkouts Full call number Barcode Date last seen Copy number Price effective from Koha item type
    Library of Congress Classification     Non-fiction Science Library (Miotso) Science Library (Miotso) General stacks 11/06/2025   TS171.4 .N67 NOR SLM00005513 11/06/2025 1 11/06/2025 Books
© 2023-2024 Copyright: Central University Libraries. All Rights Reserved | Created by: Mahone Tech Office